000 00911nam a2200265Ia 4500
003 OSt
005 20221005062235.0
006 a|||||r|||| 00| 0
007 ta
008 221004b |||||||| |||| 00| 0 eng d
020 _a9780415544429 (pbk)
_cUKP 32.99
024 _a35198
037 _b139, 13/11/2017, Classic Book Service
_cTextual
040 _aCRL
_cCRL
_beng
041 _2eng
_aeng
082 _aQ41.4498, P6
100 _aHarris Elizabeth Au.
_9601598
245 0 _aTheavada buddhism and the british encounter
_b religious, missionary and colonial experience in nineteenth-century Sri Lanka
260 _aLondon
_bRoutledge UK
_c2006
300 _axiv,274p.
_ccm.
650 _a SRI LANKA - HISTORY
650 _aBUDDHISM - SRI LANKA
_932235
942 _hQ41.4498, P6
_cTEXL
_2cc
999 _c969401
_d969401